Les objets Egyptiens et Egyptisants du mobilier funeraire carthaginois /

محفوظ في:

المؤلف الرئيسي: Vercoutter, Jean, 1911- (مؤلف)

التنسيق: كتاب

اللغة: French

منشور في: Paris : P. Geuthner, 1945.

سلاسل: Bibliotheque archeologique et historique ; 40.
BAH ; 40.

الموضوعات:

الوسوم: إضافة وسم

لا توجد وسوم, كن أول من يضع وسما على هذه التسجيلة!

رقم الطلب: DS93 .F8 v.40

LEADER 01002namaa2200313 4500
001 4844
003 OSt
005 20260216094847.0
008 130303s1945 fr a b 000 0 fre d
010 |a 50033256 
040 |c ARCE Library 
043 |a f-ua--- 
050 4 |a DS93 .F8 v.40 
100 1 |a Vercoutter, Jean,   |d 1911-,   |e author 
245 1 4 |a Les objets Egyptiens et Egyptisants du mobilier funeraire carthaginois /  |c Jean Vercoutter. 
264 1 |a Paris :  |b P. Geuthner,  |c 1945. 
300 |a xii, 397 pages :  |b illustrations ;  |c 29 cm. 
490 0 |a Bibliotheque archeologique et historique ;   |v 40. 
490 0 |a BAH ;   |v 40. 
500 |a Errata leaf inserted. 
504 |a Bibliographical footnotes. 
650 0 |a Scarabs. 
651 0 |a Carthage (Extinct city)  |x Antiquities. 
651 0 |a Carthage (Extinct city)  |x Relations  |z Egypt. 
651 0 |a Egypt  |x Antiquities. 
651 0 |a Egypt  |x Relations  |z Tunisia  |z Carthage (Extinct city) 
901 |a reviewed 
942 |c BK  |2 lcc 
999 |c 7665  |d 7665